Separation process engineering : includes mass transfer analysis /

Guardado en:
Autor Principal: Wankat, Phillip C., 1944-
Formato: Libro
Idioma:English
Publicado: Upper Saddle River, NJ : Prentice Hall, 2012.
Edición:3rd ed.
Materias:
Etiquetas: Agregar Etiqueta
Sin Etiquetas, Sea el primero en etiquetar este registro!
LEADER 00768cam a2200229 a 4500
001 EIQ.libpla004498
008 110607s2012####njua##########001#0#eng##
005 20141230110625.0
245 1 0 |a Separation process engineering :  |b includes mass transfer analysis /  |c Phillip C. Wankat. 
250 |a 3rd ed. 
260 |a Upper Saddle River, NJ :  |b Prentice Hall,  |c 2012. 
300 |a xxxiii, 955 p. :  |b il. ;  |c 25 cm. 
500 |a Incluye índice. 
020 |a 0131382276 (hardcover : alk. paper) 
100 1 |a Wankat, Phillip C.,  |d 1944- 
082 0 0 |a 660.2842  |2 23 
650 0 |a Separation (Technology) 
650 0 |a Separación (Tecnología) 
010 |a  2011019427 
040 |a DLC  |c DLC 
050 0 0 |a TP156.S45  |b W36 2012 
859 |a AR-BbSID  |b BIB. PLAPIQUI  |h 660.2842  |i W181  |p 6375